Statistics for Geography Word Pyramid

Click here to take the quiz!

General Stats

  • This quiz has been taken 21 times
  • The average score is 4 of 9

Answer Stats

TextAnswer% Correct
The center of our solar systemSun
100%
Another name for the Salween RiverNu
89%
The third largest country in AfricaSudan
89%
A name for a strait in northern EuropeSund
44%
A ship named after the DanubeSS Donau
11%
Astounds
6%
South Sudan
6%
A large sound on Port Moresby Island, BCTasu Sound
6%
A historical name for an island in the Sea of JapanUsan-do
6%

Score Distribution

Percentile by Number Answered

Percent of People with Each Score

Your Score History

You have not taken this quiz